000 00915cab a2200289 4500
001 ABS46765
008 090401t1992 xxu||||| |||| 00| 0 eng d
035 _a(Sirsi) u59443
041 _aeng
100 _aBrett, M.
245 _aProperty and money: the shortening lease
260 _c1992
350 _a0
490 _aEstates Gazette
_v(9225) 27 June 1992, 60(1)
520 _aLooks at the effects that the growing movement towards the concept of a shorter lease replacing the traditional 25-year lease with upwards-only rent reviews is having on the property market.
650 _a25-YEAR LEASES
650 _aLEASE REFORM
650 _aLEASE STRUCTURE
650 _aLEASES
650 _aPROPERTY MARKET
650 _aRENT REVIEWS
650 _aSHORTER LEASES
650 _aUPWARD ONLY RENT REVIEWS
690 _aLANDLORD AND TENANT-LEASEHOLD REFORM
942 _n0
948 _c04/03/1997
999 _c36474
_d36474